[Event "HUN-POL friendly, women"]
[Site "Budapest"]
[Date "2014.06.08"]
[Round "1.1"]
[White "Socko, Monika"]
[Black "Papp, Petra"]
[Result "1-0"]
[WhiteElo "2463"]
[BlackElo "2296"]
[PlyCount "83"]
[EventDate "2014.06.08"]
[EventType "team-schev"]
[EventRounds "6"]
[EventCountry "HUN"]
[WhiteTeam "Poland"]
[BlackTeam "Hungary"]
[WhiteTeamCountry "POL"]
[BlackTeamCountry "HUN"]

1. e4 c5 2. Nf3 d6 3. d4 cxd4 4. Nxd4 Nf6 5. Nc3 a6 6. a4 e5 7. Nf3 Qc7 8. Bg5
Nbd7 9. Nd2 h6 10. Bxf6 Nxf6 11. Bc4 Be6 12. Bb3 Be7 13. Nf1 Qa5 14. Qd3 Qb4
15. Ne3 Rc8 16. O-O Qd4 17. Rfd1 Rxc3 18. bxc3 Qxd3 19. Rxd3 Nxe4 20. Bxe6 fxe6
21. Nc4 O-O 22. f3 Nc5 23. Rd2 e4 24. Nxd6 Bf6 25. Rdd1 exf3 26. gxf3 Bxc3 27.
Rab1 Rxf3 28. Nxb7 Ne4 29. Nd6 Nd2 30. Rb8+ Kh7 31. Kg2 Re3 32. Rf8 Re5 33. Rf4
Rg5+ 34. Kh3 Rh5+ 35. Rh4 Rd5 36. Ne8 Rd7 37. Rc4 Ba5 38. Rc5 Bb4 39. Rc7 Rd5
40. Nf6+ Kg6 41. Nxd5 exd5 42. c3 1-0

[Event "HUN-POL friendly, women"]
[Site "Budapest"]
[Date "2014.06.08"]
[Round "1.2"]
[White "Bartel, Marta"]
[Black "Gara, Anita"]
[Result "1/2-1/2"]
[WhiteElo "2312"]
[BlackElo "2333"]
[PlyCount "148"]
[EventDate "2014.06.08"]
[EventType "team-schev"]
[EventRounds "6"]
[EventCountry "HUN"]
[WhiteTeam "Poland"]
[BlackTeam "Hungary"]
[WhiteTeamCountry "POL"]
[BlackTeamCountry "HUN"]

1. d4 d5 2. c4 e6 3. Nf3 c5 4. cxd5 exd5 5. g3 Nc6 6. Bg2 Nf6 7. O-O Be7 8.
dxc5 Bxc5 9. a3 O-O 10. b4 Be7 11. Bb2 Ne4 12. Nc3 Bf6 13. Rc1 Bg4 14. Ba1 Nxc3
15. Bxc3 d4 16. Ba1 Qb6 17. h3 Be6 18. Qd3 Rad8 19. Rfd1 Rfe8 20. Rd2 Bd5 21.
Rdd1 Be4 22. Qb3 h6 23. Rd2 a6 24. Qa4 Re6 25. Rcd1 Red6 26. Ne1 Bxg2 27. Kxg2
Bg5 28. Rc2 Ne7 29. Nf3 Bf6 30. Rd3 Nf5 31. Rc5 g6 32. Qd1 Rc6 33. g4 Ne7 34.
Bxd4 Bxd4 35. Rxd4 Rcd6 36. Rxd6 Rxd6 37. Qc1 Kh7 38. Rc7 Re6 39. e3 Rc6 40.
Rxc6 Nxc6 41. Qc4 Kg8 42. Qf4 a5 43. Qxh6 axb4 44. Ng5 Nd8 45. axb4 Qxb4 46.
Qh7+ Kf8 47. Qh8+ Ke7 48. Qe5+ Kd7 49. Ne4 Ne6 50. Nf6+ Kc6 51. Qd5+ Kb6 52. h4
Qc3 53. Ne4 Qc6 54. Qxc6+ Kxc6 55. h5 gxh5 56. gxh5 b5 57. h6 Nf8 58. Kf3 b4
59. Ke2 Nh7 60. Kd3 Kd5 61. f4 f6 62. Ng3 Nf8 63. e4+ Kc5 64. Nf5 Ng6 65. h7
Nxf4+ 66. Kc2 Ng6 67. Kb3 Nh8 68. Ng3 Nf7 69. Ne2 Nh8 70. Ng3 Nf7 71. Nh5 Kd4
72. Nxf6 Ke5 73. Ne8 Nh8 74. Kxb4 Kxe4 1/2-1/2

[Event "HUN-POL friendly, women"]
[Site "Budapest"]
[Date "2014.06.08"]
[Round "1.3"]
[White "Gara, Ticia"]
[Black "Rajlich, Iweta"]
[Result "0-1"]
[WhiteElo "2327"]
[BlackElo "2398"]
[PlyCount "112"]
[EventDate "2014.06.08"]
[EventType "team-schev"]
[EventRounds "6"]
[EventCountry "HUN"]
[WhiteTeam "Hungary"]
[BlackTeam "Poland"]
[WhiteTeamCountry "HUN"]
[BlackTeamCountry "POL"]

1. e4 c6 2. d4 d5 3. Nc3 g6 4. Nf3 Bg7 5. h3 dxe4 6. Nxe4 Nd7 7. Bd3 Ngf6 8.
O-O Nxe4 9. Bxe4 Nf6 10. Bd3 O-O 11. Re1 b5 12. Qe2 e6 13. Bf4 Nd5 14. Be5 f6
15. Bg3 Rf7 16. c3 a6 17. Nd2 Bf8 18. Rad1 Raa7 19. Nf1 Rae7 20. Ne3 Re8 21.
Nxd5 cxd5 22. a4 bxa4 23. Bxa6 Bd7 24. Bb5 Qb6 25. Bxd7 Rxd7 26. Ra1 Ra7 27.
Qc2 Rea8 28. h4 Kf7 29. h5 Ra6 30. Bf4 R8a7 31. Re3 Qb3 32. hxg6+ hxg6 33. Qxb3
axb3 34. Rxa6 Rxa6 35. Re1 Ra2 36. Rb1 g5 37. Be3 g4 38. Kf1 e5 39. Ke2 Ke6 40.
f3 gxf3+ 41. gxf3 e4 42. Bd2 f5 43. fxe4 fxe4 44. Bf4 Bd6 45. Bxd6 Kxd6 46. Ke3
Kc6 47. c4 dxc4 48. Kxe4 Ra8 49. Ke3 Kb5 50. d5 c3 51. bxc3 Kc4 52. d6 Rd8 53.
Rd1 b2 54. d7 Kxc3 55. Ke2 Kb3 56. Ke3 Ka2 0-1

[Event "HUN-POL friendly, women"]
[Site "Budapest"]
[Date "2014.06.08"]
[Round "1.4"]
[White "Madl, Ildiko"]
[Black "Szczepkowska Horowska, Karina"]
[Result "1/2-1/2"]
[WhiteElo "2328"]
[BlackElo "2377"]
[PlyCount "67"]
[EventDate "2014.06.08"]
[EventType "team-schev"]
[EventRounds "6"]
[EventCountry "HUN"]
[WhiteTeam "Hungary"]
[BlackTeam "Poland"]
[WhiteTeamCountry "HUN"]
[BlackTeamCountry "POL"]

1. e4 e5 2. Nf3 Nc6 3. Bb5 a6 4. Ba4 Nf6 5. O-O Be7 6. Re1 b5 7. Bb3 O-O 8. a4
b4 9. d3 d6 10. Nbd2 Na5 11. Ba2 c5 12. c3 Nc6 13. h3 h6 14. Nc4 Be6 15. Bd2
Rb8 16. a5 Ne8 17. Bb3 Nc7 18. Qc2 Kh8 19. Ba4 Nb5 20. cxb4 Nxb4 21. Bxb4 cxb4
22. Nb6 f5 23. Bxb5 axb5 24. Qe2 Qe8 25. exf5 Bxf5 26. Nd5 Bd8 27. Nxb4 Ra8 28.
a6 Qg6 29. Kh2 Qf7 30. Qe3 Qh5 31. Kg1 Qg6 32. Kh2 Qh5 33. Kg1 Qg6 34. Kh2
1/2-1/2

[Event "HUN-POL friendly, women"]
[Site "Budapest"]
[Date "2014.06.08"]
[Round "1.5"]
[White "Vajda, Szidonia"]
[Black "Kulon, Klaudia"]
[Result "0-1"]
[WhiteElo "2352"]
[BlackElo "2344"]
[PlyCount "58"]
[EventDate "2014.06.08"]
[EventType "team-schev"]
[EventRounds "6"]
[EventCountry "HUN"]
[WhiteTeam "Hungary"]
[BlackTeam "Poland"]
[WhiteTeamCountry "HUN"]
[BlackTeamCountry "POL"]

1. e4 c5 2. f4 g6 3. Nf3 Bg7 4. c3 d5 5. Bb5+ Bd7 6. Bxd7+ Qxd7 7. d3 Nc6 8.
Qe2 d4 9. c4 Nh6 10. O-O O-O 11. Nbd2 Rae8 12. e5 b6 13. Ng5 Nd8 14. Ndf3 f6
15. Ne4 Nhf7 16. exf6 exf6 17. Qf2 f5 18. Neg5 Nxg5 19. Nxg5 b5 20. b3 Nc6 21.
Bd2 bxc4 22. bxc4 Re3 23. Bxe3 dxe3 24. Qh4 Bxa1 25. Rxa1 Nb4 26. Re1 Re8 27.
Qh3 e2 28. Qf3 Nxd3 29. Rxe2 Qd4+ 0-1

[Event "HUN-POL friendly, women"]
[Site "Budapest"]
[Date "2014.06.08"]
[Round "1.6"]
[White "Majdan Gajewska, Joanna"]
[Black "Rudolf, Anna"]
[Result "1-0"]
[WhiteElo "2418"]
[BlackElo "2297"]
[PlyCount "115"]
[EventDate "2014.06.08"]
[EventType "team-schev"]
[EventRounds "6"]
[EventCountry "HUN"]
[WhiteTeam "Poland"]
[BlackTeam "Hungary"]
[WhiteTeamCountry "POL"]
[BlackTeamCountry "HUN"]

1. e4 e6 2. d4 d5 3. Nd2 Be7 4. Bd3 c5 5. dxc5 Nf6 6. Qe2 O-O 7. Ngf3 a5 8. O-O
Na6 9. e5 Nd7 10. c3 Naxc5 11. Bc2 b6 12. Re1 Ba6 13. Qe3 f6 14. exf6 Bxf6 15.
Nb3 Qe8 16. Nxc5 Nxc5 17. Ne5 Bxe5 18. Qxe5 Bd3 19. Bd1 Be4 20. Be2 Qg6 21. Qg3
Qxg3 22. hxg3 Kf7 23. Rd1 a4 24. Bf4 Rfc8 25. f3 Bg6 26. c4 a3 27. b4 Na4 28.
cxd5 exd5 29. Rxd5 Nc3 30. Rd7+ Kg8 31. Bf1 Bf7 32. Be5 Nxa2 33. Rxf7 Kxf7 34.
Rxa2 Rc1 35. Kf2 Rb1 36. Bc4+ Ke7 37. Re2 g6 38. Ba2 Rd1 39. Bd4+ Kd7 40. Bxb6
Kc6 41. Bc5 Rad8 42. Be3 Kb5 43. Rc2 Kxb4 44. Ke2 Ra1 45. f4 Rxa2 46. Rxa2 Kb3
47. Ra1 a2 48. Bb6 Rd7 49. Ke3 Kb2 50. Bd4+ Kb3 51. g4 Re7+ 52. Be5 Rd7 53. f5
Re7 54. Ke4 gxf5+ 55. gxf5 h5 56. f6 Rd7 57. Kf5 Rd2 58. f7 1-0

[Event "HUN-POL friendly, women"]
[Site "Budapest"]
[Date "2014.06.09"]
[Round "2.1"]
[White "Szczepkowska Horowska, Karina"]
[Black "Papp, Petra"]
[Result "1-0"]
[WhiteElo "2377"]
[BlackElo "2296"]
[PlyCount "99"]
[EventDate "2014.06.08"]
[EventType "team-schev"]
[EventRounds "6"]
[EventCountry "HUN"]
[WhiteTeam "Poland"]
[BlackTeam "Hungary"]
[WhiteTeamCountry "POL"]
[BlackTeamCountry "HUN"]

1. e4 c5 2. Nf3 d6 3. d4 Nf6 4. dxc5 Nxe4 5. cxd6 Nc6 6. Na3 Nxd6 7. Bf4 Qa5+
8. c3 e5 9. Bg3 f6 10. Nd2 Be6 11. Ndc4 Nxc4 12. Nxc4 Qd5 13. Qxd5 Bxd5 14. f4
exf4 15. Bxf4 Rd8 16. O-O-O Be7 17. Bc7 Rd7 18. Bg3 Rd8 19. b4 O-O 20. Kb2 Be6
21. Be2 Rxd1 22. Rxd1 Rd8 23. Rxd8+ Bxd8 24. Nd6 b6 25. Bc4 Bxc4 26. Nxc4 b5
27. Nd6 a6 28. Kb3 Be7 29. a4 bxa4+ 30. Kxa4 Bxd6 31. Bxd6 Kf7 32. c4 Ke6 33.
Bf8 g6 34. b5 axb5+ 35. cxb5 Nb8 36. b6 Kd7 37. Kb5 f5 38. Bh6 Kc8 39. Bf4 Kb7
40. Bxb8 Kxb8 41. Kc6 Kc8 42. Kd6 Kb7 43. Ke6 Kxb6 44. Kf6 f4 45. h4 Kc5 46.
Kg7 Kd4 47. Kxh7 Ke3 48. Kxg6 Kf2 49. Kg5 Kxg2 50. Kxf4 1-0

[Event "HUN-POL friendly, women"]
[Site "Budapest"]
[Date "2014.06.09"]
[Round "2.2"]
[White "Gara, Anita"]
[Black "Socko, Monika"]
[Result "1-0"]
[WhiteElo "2333"]
[BlackElo "2463"]
[PlyCount "99"]
[EventDate "2014.06.08"]
[EventType "team-schev"]
[EventRounds "6"]
[EventCountry "HUN"]
[WhiteTeam "Hungary"]
[BlackTeam "Poland"]
[WhiteTeamCountry "HUN"]
[BlackTeamCountry "POL"]

1. e4 c5 2. Nf3 Nc6 3. Bb5 e6 4. O-O Nge7 5. c3 a6 6. Ba4 b5 7. Bc2 Bb7 8. Qe2
Rc8 9. a4 b4 10. d4 cxd4 11. cxd4 d5 12. e5 Ng6 13. g3 Qb6 14. Be3 Be7 15. Nbd2
f6 16. exf6 Bxf6 17. h4 O-O 18. Nb3 Rf7 19. Bd3 a5 20. Rac1 Be7 21. h5 Nf8 22.
Rc2 Nd7 23. Rfc1 Rcf8 24. Bb5 Rxf3 25. Bxc6 Ba6 26. Bb5 Bxb5 27. Qxb5 Qxb5 28.
axb5 a4 29. Nc5 Nxc5 30. dxc5 e5 31. c6 b3 32. Re2 d4 33. Bd2 d3 34. Rxe5 Bf6
35. Re4 Bxb2 36. Rf1 a3 37. c7 a2 38. Ra4 Be5 39. b6 R3f6 40. Be3 Rc6 41. Bf4
Rxf4 42. gxf4 Bxc7 43. bxc7 Rxc7 44. Kg2 Rc1 45. Rxa2 Rc2 46. Ra3 Rc3 47. Rd1
h6 48. Kf3 Kh8 49. Ke3 Kh7 50. Rb1 1-0

[Event "HUN-POL friendly, women"]
[Site "Budapest"]
[Date "2014.06.09"]
[Round "2.3"]
[White "Kulon, Klaudia"]
[Black "Gara, Ticia"]
[Result "0-1"]
[WhiteElo "2344"]
[BlackElo "2327"]
[PlyCount "70"]
[EventDate "2014.06.08"]
[EventType "team-schev"]
[EventRounds "6"]
[EventCountry "HUN"]
[WhiteTeam "Poland"]
[BlackTeam "Hungary"]
[WhiteTeamCountry "POL"]
[BlackTeamCountry "HUN"]

1. c4 Nf6 2. Nf3 g6 3. Nc3 d5 4. Qa4+ c6 5. cxd5 Nxd5 6. Nxd5 Qxd5 7. e4 Qd6 8.
d4 Bg7 9. Be3 Nd7 10. Be2 Nb6 11. Qc2 Bg4 12. O-O Bxf3 13. Bxf3 Bxd4 14. Rad1
e5 15. Bxd4 exd4 16. e5 Qe6 17. Qc5 O-O-O 18. Rxd4 Rxd4 19. Qxd4 Rd8 20. Qf4 h5
21. g4 Nc4 22. gxh5 Nxe5 23. Bd1 gxh5 24. Bxh5 Rg8+ 25. Kh1 Qh3 26. Rg1 Rxg1+
27. Kxg1 Qxh5 28. h3 Kd7 29. Kh2 Ke6 30. Qe3 Qf3 31. Qxa7 Nd3 32. Qxb7 Qxf2+
33. Kh1 Qf3+ 34. Kh2 Qf4+ 35. Kh1 Qc1+ 0-1

[Event "HUN-POL friendly, women"]
[Site "Budapest"]
[Date "2014.06.09"]
[Round "2.4"]
[White "Rajlich, Iweta"]
[Black "Madl, Ildiko"]
[Result "1/2-1/2"]
[WhiteElo "2398"]
[BlackElo "2328"]
[PlyCount "80"]
[EventDate "2014.06.08"]
[EventType "team-schev"]
[EventRounds "6"]
[EventCountry "HUN"]
[WhiteTeam "Poland"]
[BlackTeam "Hungary"]
[WhiteTeamCountry "POL"]
[BlackTeamCountry "HUN"]

1. d4 d5 2. Nf3 Nf6 3. c4 c6 4. Qb3 dxc4 5. Qxc4 Bf5 6. g3 e6 7. Bg2 Nbd7 8.
O-O Be7 9. Qb3 Qb6 10. Nbd2 O-O 11. Re1 Qxb3 12. axb3 Bb4 13. e4 Bg6 14. Nh4
Rfd8 15. Nxg6 hxg6 16. Rd1 e5 17. d5 Nc5 18. Nc4 Ncxe4 19. Be3 cxd5 20. Nxe5
Bc5 21. Bxc5 Nxc5 22. b4 Ncd7 23. Nd3 a6 24. Rac1 Rac8 25. Bh3 Rxc1 26. Rxc1
Ne8 27. Bxd7 Rxd7 28. Rc8 Kf8 29. Nc5 Rd6 30. Nxb7 Rb6 31. Nc5 Rxb4 32. Nxa6
Rxb2 33. Nc7 Re2 34. Nxd5 g5 35. Kg2 Re5 36. Rd8 g4 37. h3 gxh3+ 38. Kxh3 Rh5+
39. Kg2 f6 40. Rd7 Re5 1/2-1/2

[Event "HUN-POL friendly, women"]
[Site "Budapest"]
[Date "2014.06.09"]
[Round "2.5"]
[White "Vajda, Szidonia"]
[Black "Majdan Gajewska, Joanna"]
[Result "1-0"]
[WhiteElo "2352"]
[BlackElo "2418"]
[PlyCount "101"]
[EventDate "2014.06.08"]
[EventType "team-schev"]
[EventRounds "6"]
[EventCountry "HUN"]
[WhiteTeam "Hungary"]
[BlackTeam "Poland"]
[WhiteTeamCountry "HUN"]
[BlackTeamCountry "POL"]

1. e4 g6 2. d4 Bg7 3. Nc3 c5 4. d5 d6 5. h3 Nf6 6. Nf3 O-O 7. Be2 b5 8. Nd2 a6
9. a4 b4 10. Ncb1 e6 11. O-O exd5 12. exd5 Bb7 13. Bf3 Nbd7 14. c4 Ne5 15. Be2
Re8 16. b3 Nh5 17. Bxh5 Nd3 18. Ra2 gxh5 19. Nf3 Nxc1 20. Qxc1 Bc8 21. Re1 Bf5
22. Rae2 Rxe2 23. Rxe2 Qf6 24. Nbd2 Bh6 25. Qe1 Kf8 26. Ne4 Bxe4 27. Rxe4 Qc3
28. Qb1 Ra7 29. Nh4 Qf6 30. Nf5 Bd2 31. Qd3 Bc3 32. Qf3 Qg5 33. g3 Rd7 34. Kg2
Bf6 35. Rh4 Qg6 36. Rxh5 Bg5 37. g4 Bc1 38. Qe4 h6 39. f4 Qf6 40. Rxh6 Qb2+ 41.
Kf1 Bd2 42. Rxd6 Rxd6 43. Qe7+ Kg8 44. Qe8+ Kh7 45. Qxf7+ Kh8 46. Qf8+ Kh7 47.
Qe7+ Kh8 48. Nxd6 Bc3 49. Nf7+ Kg8 50. Nh6+ Kh8 51. Qf8+ 1-0

[Event "HUN-POL friendly, women"]
[Site "Budapest"]
[Date "2014.06.09"]
[Round "2.6"]
[White "Rudolf, Anna"]
[Black "Bartel, Marta"]
[Result "1/2-1/2"]
[WhiteElo "2297"]
[BlackElo "2312"]
[PlyCount "149"]
[EventDate "2014.06.08"]
[EventType "team-schev"]
[EventRounds "6"]
[EventCountry "HUN"]
[WhiteTeam "Hungary"]
[BlackTeam "Poland"]
[WhiteTeamCountry "HUN"]
[BlackTeamCountry "POL"]

1. e4 c5 2. c3 g6 3. Nf3 Bg7 4. Bc4 d6 5. d4 cxd4 6. cxd4 Nf6 7. Nc3 O-O 8. O-O
Nc6 9. d5 Ne5 10. Nxe5 dxe5 11. h3 Ne8 12. Be3 Nd6 13. Bb3 b5 14. a3 a5 15. f3
Ba6 16. Rf2 Kh8 17. Rc2 f5 18. Rac1 Rc8 19. Qe1 Qd7 20. Bb6 b4 21. Na4 Rxc2 22.
Rxc2 fxe4 23. Bf2 Bd3 24. Nc5 Qf5 25. fxe4 Bxe4 26. Re2 a4 27. Nxe4 axb3 28.
Qxb4 Nxe4 29. Qxe4 Rc8 30. Bg3 Rc1+ 31. Kh2 Rc2 32. Bxe5 Qxe4 33. Rxe4 Bxe5+
34. Rxe5 Rxb2 35. Rxe7 Rd2 36. Rb7 Rxd5 37. Rxb3 Kg7 38. Rb7+ Kf6 39. Ra7 Rd3
40. a4 Ra3 41. h4 h5 42. g3 Ra2+ 43. Kg1 Ke6 44. Kf1 Kf6 45. Ra5 Kf7 46. Ra6
Kg7 47. a5 Kf7 48. Ra8 Kg7 49. a6 Kh7 50. Ra7+ Kh6 51. Ra8 Kg7 52. Ke1 Kh7 53.
Kd1 Ra3 54. Kc2 Rxg3 55. Kb2 Rg2+ 56. Kb3 Rg1 57. Kb4 Ra1 58. Kb5 g5 59. hxg5
h4 60. Rd8 Kg6 61. Rg8+ Kh7 62. Rd8 Kg6 63. Kb6 Kxg5 64. Rd5+ Kg4 65. Ra5 Re1
66. a7 Re8 67. a8=Q Rxa8 68. Rxa8 h3 69. Kc5 h2 70. Rh8 Kg3 71. Kd4 Kg2 72.
Rg8+ Kf2 73. Rh8 Kg2 74. Ke3 h1=Q 75. Rxh1 1/2-1/2

[Event "HUN-POL friendly, women"]
[Site "Budapest"]
[Date "2014.06.10"]
[Round "3.1"]
[White "Papp, Petra"]
[Black "Kulon, Klaudia"]
[Result "1-0"]
[WhiteElo "2296"]
[BlackElo "2344"]
[PlyCount "59"]
[EventDate "2014.06.08"]
[EventType "team-schev"]
[EventRounds "6"]
[EventCountry "HUN"]
[WhiteTeam "Hungary"]
[BlackTeam "Poland"]
[WhiteTeamCountry "HUN"]
[BlackTeamCountry "POL"]

1. e4 c5 2. Nf3 d6 3. d4 cxd4 4. Nxd4 Nf6 5. Nc3 Nc6 6. Bg5 e6 7. Qd2 a6 8.
O-O-O Bd7 9. f4 b5 10. Bxf6 gxf6 11. Nxc6 Bxc6 12. Qe1 Ra7 13. Bd3 h5 14. Qh4
Be7 15. f5 b4 16. Ne2 e5 17. Ng3 Qb6 18. Nxh5 Kf8 19. Kb1 a5 20. Qg4 Rh7 21.
Qe2 a4 22. Bc4 Bxe4 23. Qxe4 Rxh5 24. g4 Rh7 25. g5 Qc5 26. g6 fxg6 27. fxg6
Rh8 28. g7+ Kxg7 29. Rhg1+ Kf8 30. Qh7 1-0

[Event "HUN-POL friendly, women"]
[Site "Budapest"]
[Date "2014.06.10"]
[Round "3.2"]
[White "Gara, Anita"]
[Black "Szczepkowska Horowska, Karina"]
[Result "1/2-1/2"]
[WhiteElo "2333"]
[BlackElo "2377"]
[PlyCount "139"]
[EventDate "2014.06.08"]
[EventType "team-schev"]
[EventRounds "6"]
[EventCountry "HUN"]
[WhiteTeam "Hungary"]
[BlackTeam "Poland"]
[WhiteTeamCountry "HUN"]
[BlackTeamCountry "POL"]

1. e4 e5 2. Nf3 Nc6 3. Bc4 Nf6 4. d3 Be7 5. O-O O-O 6. Re1 d6 7. a4 Kh8 8. a5
a6 9. h3 Ng8 10. Nc3 f5 11. exf5 Bxf5 12. Nd5 Qd7 13. c3 Rae8 14. b4 Nd8 15. d4
e4 16. Nh2 Bh4 17. Be3 Ne6 18. Qd2 Bd8 19. Be2 Qf7 20. c4 c6 21. Nc3 Nc7 22. d5
cxd5 23. Nxd5 Nxd5 24. Qxd5 Be6 25. Qxe4 Bxh3 26. Qf3 Bf5 27. Nf1 Qe7 28. Bd4
Qh4 29. Qc3 Bf6 30. Rad1 Bxd4 31. Rxd4 Qf6 32. Ne3 Ne7 33. Qd2 Rd8 34. Bf3 Nc6
35. Nxf5 Qxf5 36. Rxd6 Rxd6 37. Qxd6 h6 38. Qe6 Qf4 39. Qe4 Qd2 40. b5 axb5 41.
cxb5 Nxa5 42. Rd1 Qf4 43. Qg6 Qf7 44. Qb6 Nc4 45. Qxb7 Qf5 46. Rd7 Qg5 47. Rd1
Ne5 48. Be2 Ng6 49. g3 Qe5 50. Bf1 Qc5 51. Qg2 Ne5 52. Be2 Qc2 53. Qf1 Qc5 54.
Rb1 Nd7 55. Rb2 Qc3 56. Qb1 Qd4 57. Bh5 Nc5 58. Re2 Nd3 59. Qc2 Qa1+ 60. Kh2
Qf1 61. f3 Ne1 62. Qe4 Nxf3+ 63. Bxf3 Rxf3 64. Rc2 Rf8 65. Qe2 Qf6 66. Rb2 Qb6
67. Kg2 Qb7+ 68. Kh2 Qb6 69. Kg2 Qb7+ 70. Kh2 1/2-1/2

[Event "HUN-POL friendly, women"]
[Site "Budapest"]
[Date "2014.06.10"]
[Round "3.3"]
[White "Socko, Monika"]
[Black "Gara, Ticia"]
[Result "1-0"]
[WhiteElo "2463"]
[BlackElo "2327"]
[PlyCount "85"]
[EventDate "2014.06.08"]
[EventType "team-schev"]
[EventRounds "6"]
[EventCountry "HUN"]
[WhiteTeam "Poland"]
[BlackTeam "Hungary"]
[WhiteTeamCountry "POL"]
[BlackTeamCountry "HUN"]

1. e4 c5 2. Nf3 d6 3. d4 cxd4 4. Qxd4 Nc6 5. Bb5 Bd7 6. Qd3 Nf6 7. Nc3 g6 8.
Bg5 Bg7 9. O-O-O O-O 10. e5 Ne8 11. Rhe1 Nxe5 12. Nxe5 Bxb5 13. Qxb5 Bxe5 14.
Qxe5 dxe5 15. Rxd8 Rxd8 16. Bxe7 Ng7 17. Bxd8 Rxd8 18. Rxe5 Ne6 19. Rd5 f5 20.
Rxd8+ Nxd8 21. Nb5 a6 22. Nd4 Kf7 23. Kd2 Ke7 24. c4 Kd6 25. b4 b6 26. Kc3 Nf7
27. Nf3 Nd8 28. Ng5 h6 29. Nf3 Ke6 30. a4 g5 31. Nd4+ Ke5 32. Nb3 Kd6 33. c5+
bxc5 34. Nxc5 a5 35. Nb3 axb4+ 36. Kxb4 Ne6 37. Kb5 Kc7 38. g3 h5 39. Kc4 h4
40. Kd5 hxg3 41. hxg3 Nd8 42. Ke5 f4 43. g4 1-0

[Event "HUN-POL friendly, women"]
[Site "Budapest"]
[Date "2014.06.10"]
[Round "3.4"]
[White "Majdan Gajewska, Joanna"]
[Black "Madl, Ildiko"]
[Result "0-1"]
[WhiteElo "2418"]
[BlackElo "2328"]
[PlyCount "120"]
[EventDate "2014.06.08"]
[EventType "team-schev"]
[EventRounds "6"]
[EventCountry "HUN"]
[WhiteTeam "Poland"]
[BlackTeam "Hungary"]
[WhiteTeamCountry "POL"]
[BlackTeamCountry "HUN"]

1. e4 c5 2. Nf3 d6 3. d4 cxd4 4. Qxd4 Nc6 5. Bb5 Bd7 6. Bxc6 Bxc6 7. Nc3 Nf6 8.
Bg5 e6 9. O-O-O Be7 10. Rhe1 O-O 11. Qd2 Qc7 12. Nd4 Rfd8 13. Kb1 Be8 14. Nf5
exf5 15. Bxf6 Bxf6 16. Nd5 Qc5 17. Nxf6+ gxf6 18. Qh6 f4 19. Qxf4 Qg5 20. Qf3
Bc6 21. Rd3 Kh8 22. Qd1 Qe5 23. g3 Qe6 24. Rd4 Rac8 25. Qd2 Rd7 26. f3 Re8 27.
Rd1 f5 28. Qc3 f6 29. b4 a6 30. a4 Bxa4 31. exf5 Qxf5 32. g4 Qe5 33. f4 Qe7 34.
Qa1 Bc6 35. g5 Rf8 36. Qb2 Qe6 37. h4 Be4 38. gxf6 Rdf7 39. Rxd6 Qf5 40. Re1
Rc8 41. Qd4 Bxc2+ 42. Kb2 h6 43. Re5 Qg6 44. Re7 Bf5 45. h5 Qg2+ 46. Ka3 Qf3+
47. Ka4 Qxh5 48. Rd8+ Rxd8 49. Qxd8+ Kh7 50. Ka5 Bg6+ 51. Kb6 Rxe7 52. Qxe7+
Bf7 53. f5 Kg8 54. Qd8+ Be8 55. Kxb7 Qf7+ 56. Kxa6 Qd7 57. Qb6 Qc6 58. b5 Qxb6+
59. Kxb6 h5 60. Kc5 Bxb5 0-1

[Event "HUN-POL friendly, women"]
[Site "Budapest"]
[Date "2014.06.10"]
[Round "3.5"]
[White "Bartel, Marta"]
[Black "Vajda, Szidonia"]
[Result "1/2-1/2"]
[WhiteElo "2312"]
[BlackElo "2352"]
[PlyCount "64"]
[EventDate "2014.06.08"]
[EventType "team-schev"]
[EventRounds "6"]
[EventCountry "HUN"]
[WhiteTeam "Poland"]
[BlackTeam "Hungary"]
[WhiteTeamCountry "POL"]
[BlackTeamCountry "HUN"]

1. c4 Nf6 2. Nf3 g6 3. Nc3 Bg7 4. d4 d6 5. g3 O-O 6. Bg2 Nc6 7. O-O Na5 8. b3
c5 9. Bb2 Bd7 10. Qd2 cxd4 11. Nxd4 Nc6 12. Rad1 Nxd4 13. Qxd4 Bc6 14. Bxc6
bxc6 15. Qd2 Qc8 16. e4 Qh3 17. f3 Rfd8 18. Qe2 h5 19. Qg2 Qxg2+ 20. Kxg2 Nd7
21. Na4 Nb6 22. Bxg7 Kxg7 23. Nxb6 axb6 24. Rf2 Ra5 25. Rc2 Rda8 26. Rdd2 Kf6
27. Kf2 Ke6 28. Ke3 R8a7 29. Kf2 Kf6 30. Kg2 Ra8 31. Kf2 Ke6 32. Kg2 Kf6
1/2-1/2

[Event "HUN-POL friendly, women"]
[Site "Budapest"]
[Date "2014.06.10"]
[Round "3.6"]
[White "Rudolf, Anna"]
[Black "Rajlich, Iweta"]
[Result "0-1"]
[WhiteElo "2297"]
[BlackElo "2398"]
[PlyCount "88"]
[EventDate "2014.06.08"]
[EventType "team-schev"]
[EventRounds "6"]
[EventCountry "HUN"]
[WhiteTeam "Hungary"]
[BlackTeam "Poland"]
[WhiteTeamCountry "HUN"]
[BlackTeamCountry "POL"]

1. e4 c6 2. Nc3 g6 3. d4 Bg7 4. Nf3 d6 5. Be2 Nf6 6. O-O O-O 7. h3 Nbd7 8. Bf4
Qa5 9. a3 e5 10. dxe5 dxe5 11. Be3 Rd8 12. Bc4 Nf8 13. Qe2 h6 14. Rfd1 Be6 15.
Nd2 Qc7 16. Nb3 b6 17. a4 Nh5 18. Bxe6 Nxe6 19. Qc4 Nhf4 20. Kh2 Rd4 21. Nxd4
exd4 22. Nb5 Qe5 23. Nxd4 Ne2+ 24. f4 Qxe4 25. Qxe2 Bxd4 26. Re1 Bxb2 27. Rad1
Qxa4 28. f5 gxf5 29. Qh5 f4 30. Rd7 Rf8 31. Bf2 Qxc2 32. Rxe6 Qxf2 33. Rg6+ Bg7
34. Rxg7+ Kxg7 35. Qg4+ Kh8 36. Qf5 Qg3+ 37. Kh1 Qg5 38. Qe4 Qf6 39. Rc7 c5 40.
Rc6 Qg5 41. Rd6 Rd8 42. Rxd8+ Qxd8 43. Qe5+ Kg8 44. Qxf4 Kg7 0-1

[Event "HUN-POL friendly, women"]
[Site "Budapest"]
[Date "2014.06.11"]
[Round "4.1"]
[White "Papp, Petra"]
[Black "Rajlich, Iweta"]
[Result "1/2-1/2"]
[WhiteElo "2296"]
[BlackElo "2398"]
[PlyCount "79"]
[EventDate "2014.06.08"]
[EventType "team-schev"]
[EventRounds "6"]
[EventCountry "HUN"]
[WhiteTeam "Hungary"]
[BlackTeam "Poland"]
[WhiteTeamCountry "HUN"]
[BlackTeamCountry "POL"]

1. e4 e6 2. d4 d5 3. Nc3 Bb4 4. e5 c5 5. a3 Bxc3+ 6. bxc3 Nc6 7. Qg4 g6 8. Nf3
Qa5 9. Bd2 c4 10. Be2 Bd7 11. Qf4 h6 12. h4 Rh7 13. Nh2 O-O-O 14. Ng4 Re8 15.
a4 Qd8 16. Bc1 Kb8 17. Ba3 Ka8 18. Kd2 f5 19. Nh2 g5 20. Qg3 gxh4 21. Qe3 Nge7
22. f4 Rg8 23. Rhg1 Rg3 24. Bf3 Rhg7 25. Nf1 R3g6 26. Qf2 Qa5 27. Bh5 Rg4 28.
Bxg4 fxg4 29. Qxh4 Nf5 30. Qf6 Rg8 31. Rh1 Ncxd4 32. Bb4 Qb6 33. a5 Qb5 34. Bf8
Nc6 35. Qf7 Rh8 36. Qf6 Rg8 37. Qf7 Rh8 38. Qf6 Rg8 39. Qf7 Rh8 40. Qf6 1/2-1/2

[Event "HUN-POL friendly, women"]
[Site "Budapest"]
[Date "2014.06.11"]
[Round "4.2"]
[White "Majdan Gajewska, Joanna"]
[Black "Gara, Anita"]
[Result "1/2-1/2"]
[WhiteElo "2418"]
[BlackElo "2333"]
[PlyCount "135"]
[EventDate "2014.06.08"]
[EventType "team-schev"]
[EventRounds "6"]
[EventCountry "HUN"]
[WhiteTeam "Poland"]
[BlackTeam "Hungary"]
[WhiteTeamCountry "POL"]
[BlackTeamCountry "HUN"]

1. e4 c5 2. Nf3 e6 3. d4 cxd4 4. Nxd4 Nc6 5. Nb5 d6 6. c4 Nf6 7. N1c3 a6 8. Na3
Be7 9. Be2 O-O 10. O-O b6 11. Nc2 Qc7 12. Ne3 Bb7 13. Bd2 Ne5 14. f3 Rac8 15.
Rc1 Qb8 16. Kh1 Rfe8 17. Qe1 Ng6 18. Bd3 Nf4 19. Bc2 d5 20. cxd5 exd5 21. Nf5
Bc5 22. e5 Rxe5 23. Qg3 Ng6 24. Bg5 Re6 25. Qh3 Bf8 26. Nd4 Ree8 27. Bxf6 gxf6
28. Rcd1 b5 29. Bf5 Rc4 30. Nce2 Bc8 31. Ng3 Qe5 32. f4 Qe3 33. Rd3 Qxd3 34.
Bxd3 Bxh3 35. Bxc4 Bxg2+ 36. Kxg2 dxc4 37. Nh5 Be7 38. Nf5 Kf8 39. Kf3 Rd8 40.
Rf2 Rd3+ 41. Ke4 Ke8 42. h4 Kd7 43. b3 Kc6 44. bxc4 bxc4 45. Rb2 Bd8 46. Rb8
Nf8 47. Rc8+ Kd7 48. Rxc4 Rd2 49. Ra4 a5 50. Nh6 Ne6 51. Ke3 Rd5 52. f5 Bb6+
53. Kf3 Nd4+ 54. Kg4 Kc6 55. Nxf6 Rd6 56. Nhg8 Kb5 57. Ra3 Kb4 58. Re3 Bd8 59.
Nxh7 Bxh4 60. f6 Bf2 61. Re7 Nc6 62. Rb7+ Ka3 63. Nh6 Nd8 64. Re7 Bd4 65. Nxf7
Nxf7 66. Rxf7 Kxa2 67. Rb7 Bxf6 68. Nxf6 1/2-1/2